[Event "SR Extraliga 2016/2017"]
[Site "?"]
[Date "2016.12.17"]
[Round "3.7"]
[White "Szucs, Vladimir"]
[Black "Klemanic, Emil"]
[Result "1/2-1/2"]
[WhiteElo "2177"]
[BlackElo "2149"]
[PlyCount "30"]
[EventDate "2016.??.??"]

1. Nf3 Nf6 2. d4 g6 3. c4 Bg7 4. Nc3 d6 5. e4 O-O 6. Be2 e5 7. O-O Nbd7 8. Re1
exd4 9. Nxd4 Nc5 10. f3 a5 11. Be3 c6 12. Qd2 Qc7 13. Rad1 b6 14. Nc2 Ne8 15.
Bd4 Bxd4+ {Ra1} 1/2-1/2

[Event "SR Extraliga 2016/2017"]
[Site "?"]
[Date "2016.12.17"]
[Round "3.8"]
[White "Vrbova, Niki"]
[Black "Sepesi, Samuel"]
[Result "0-1"]
[WhiteElo "2199"]
[BlackElo "2155"]
[PlyCount "54"]
[EventDate "2016.??.??"]

1. e4 c5 2. Nf3 Nc6 3. d3 e6 4. g3 d5 5. Nbd2 Nf6 6. Bg2 Be7 7. O-O b6 8. Re1
Bb7 9. c3 Qc7 10. Qe2 O-O-O 11. e5 Nd7 12. a3 g5 13. h3 h5 14. g4 hxg4 15. hxg4
d4 16. Nf1 c4 17. cxd4 cxd3 18. Qe3 f5 19. exf6 Bd6 20. Qxd3 Nc5 21. Qc3 Nxd4
22. Bd2 Qh7 23. Ng3 Bxg3 24. fxg3 Nxf3+ 25. Bxf3 Qh2+ 26. Kf1 Ba6+ 27. Be2 Qh1+
0-1

[Event "SR Extraliga 2016/2017"]
[Site "?"]
[Date "2016.12.17"]
[Round "3.1"]
[White "Banusz, Tamas"]
[Black "Balog, Imre"]
[Result "1-0"]
[WhiteElo "2612"]
[BlackElo "2551"]
[PlyCount "107"]
[EventDate "2016.??.??"]

1. d4 Nf6 2. c4 g6 3. Nc3 Bg7 4. e4 d6 5. Nf3 O-O 6. Be2 c5 7. O-O Nc6 8. d5
Na5 9. h3 e5 10. a3 b6 11. b4 Nb7 12. Ne1 Nd7 13. Bd2 f5 14. exf5 gxf5 15. f4
a5 16. b5 e4 17. Nc2 Bd4+ 18. Ne3 Qh4 19. Kh2 Kh8 20. Na4 Nd8 21. Bc3 Bxc3 22.
Nxc3 Nf6 23. Qe1 Qxe1 24. Raxe1 h5 25. Bd1 h4 26. Rg1 Rg8 27. g4 hxg3+ 28. Rxg3
Rxg3 29. Kxg3 Kh7 30. Kf2 Nf7 31. Rg1 Nh8 32. h4 Ng6 33. Kg3 Bd7 34. h5 Ne7 35.
Kh4 Rf8 36. Rg5 Nfg8 37. Na4 Nc8 38. Be2 Nh6 39. Bf1 Ng8 40. Bh3 Nh6 41. Rg6
Be8 42. Rg1 Bd7 43. Rg5 Rf6 44. Kg3 Kh8 45. Nc3 Rf7 46. Rg6 Kh7 47. Kh4 Rf8 48.
Nxe4 fxe4 49. Bxd7 Ne7 50. Re6 Nef5+ 51. Nxf5 Nxf5+ 52. Kg5 Ng3 53. Re7+ Kh8
54. f5 1-0

[Event "SR Extraliga 2016/2017"]
[Site "?"]
[Date "2016.12.17"]
[Round "3.2"]
[White "Kriebel, Tadeas"]
[Black "Papp, Gabor"]
[Result "0-1"]
[WhiteElo "2468"]
[BlackElo "2582"]
[PlyCount "110"]
[EventDate "2016.??.??"]

1. e4 c5 2. Nf3 d6 3. d4 cxd4 4. Nxd4 Nf6 5. Nc3 Nc6 6. Bg5 e6 7. Qd2 a6 8.
O-O-O Bd7 9. f3 h6 10. Be3 b5 11. Nxc6 Bxc6 12. h4 Qc7 13. Bd3 h5 14. Bg5 Be7
15. Ne2 e5 16. Ng3 g6 17. f4 Ng4 18. f5 Rd8 19. Rhf1 Bxg5 20. hxg5 Qb6 21. Rde1
O-O 22. Kb1 Bb7 23. Be2 Qe3 24. Qxe3 Nxe3 25. Rg1 h4 26. Nf1 Nxf1 27. Bxf1 d5
28. exd5 gxf5 29. Rxe5 Rxd5 30. Rxd5 Bxd5 31. Bd3 Re8 32. Kc1 Kg7 33. Bxf5 Re5
34. Bc8 Rxg5 35. Rh1 Rh5 36. Bh3 Kf6 37. Kd2 Rg5 38. Rf1+ Ke5 39. Rf2 f5 40. a3
Be4 41. Ke1 Rg6 42. c3 Rd6 43. Ke2 a5 44. Ke1 Rd3 45. Ke2 Rg3 46. Ke1 a4 47.
Re2 Rd3 48. Rf2 Re3+ 49. Kf1 Bd3+ 50. Kg1 Re2 51. Rf3 Be4 52. Rf2 Rxf2 53. Kxf2
Kf4 54. Ke2 Kg3 55. Ke3 f4+ 0-1

[Event "SR Extraliga 2016/2017"]
[Site "?"]
[Date "2016.12.17"]
[Round "3.3"]
[White "Ftacnik, Lubomir"]
[Black "Chovan, Milan"]
[Result "1/2-1/2"]
[WhiteElo "2551"]
[BlackElo "2222"]
[PlyCount "67"]
[EventDate "2016.??.??"]

1. Nf3 Nf6 2. c4 c5 3. Nc3 d5 4. cxd5 Nxd5 5. d4 Nxc3 6. bxc3 g6 7. Bg5 Bg7 8.
e3 Qa5 9. Qd2 Nc6 10. Rb1 a6 11. Be2 O-O 12. O-O Rd8 13. Rfd1 b5 14. Bd3 Be6
15. Be4 Bd5 16. Qc2 Rac8 17. Bxd5 Rxd5 18. e4 Rd7 19. d5 Ne5 20. Nxe5 Bxe5 21.
c4 Rb7 22. Be3 Bd4 23. Bxd4 cxd4 24. c5 Qc3 25. Qxc3 dxc3 26. c6 c2 27. cxb7
Rb8 28. Kf1 Rxb7 29. Ke2 Rc7 30. Kd3 Rc4 31. Rdc1 cxb1=Q+ 32. Rxb1 Ra4 33. Rb2
Kf8 34. Rc2 1/2-1/2

[Event "SR Extraliga 2016/2017"]
[Site "?"]
[Date "2016.12.17"]
[Round "3.4"]
[White "Peitl, Tomas"]
[Black "Antal, Gergely"]
[Result "0-1"]
[WhiteElo "2208"]
[BlackElo "2546"]
[PlyCount "76"]
[EventDate "2016.??.??"]

1. b3 Nf6 2. Bb2 g6 3. e3 Bg7 4. Nf3 O-O 5. c4 a5 6. Nc3 d5 7. Nxd5 Nxd5 8.
Bxg7 Kxg7 9. cxd5 Qxd5 10. Bc4 Qd6 11. O-O Nc6 12. d4 Bf5 13. d5 Nb4 14. e4 Bg4
15. Qd4+ Qf6 16. e5 Qf5 17. Ne1 c5 18. Qb2 Qe4 19. e6+ Kg8 20. h3 Bf5 21. g4
fxe6 22. gxf5 exd5 23. Be2 Rxf5 24. Bg4 Rf6 25. Qe2 Qxe2 26. Bxe2 a4 27. Ng2
Nc2 28. Rac1 axb3 29. axb3 Nd4 30. Bd1 b6 31. Ne3 e6 32. Kg2 Kf8 33. Ng4 Rf5
34. Re1 Ra2 35. Rf1 Ke7 36. Ne3 Rf8 37. Rb1 Kd6 38. Bg4 b5 0-1

[Event "SR Extraliga 2016/2017"]
[Site "?"]
[Date "2016.12.17"]
[Round "3.5"]
[White "Pacher, Milan"]
[Black "Kolesar, Milan"]
[Result "1-0"]
[WhiteElo "2479"]
[BlackElo "2176"]
[PlyCount "97"]
[EventDate "2016.??.??"]

1. e4 c5 2. Nf3 d6 3. d4 cxd4 4. Nxd4 Nf6 5. Nc3 Nc6 6. Bg5 e6 7. Qd2 a6 8.
O-O-O Bd7 9. f4 b5 10. Bxf6 gxf6 11. Kb1 Qb6 12. Nxc6 Bxc6 13. Qe1 Ra7 14. Bd3
Qc5 15. f5 b4 16. Ne2 e5 17. b3 Rg8 18. Ng3 Ke7 19. Bc4 Bh6 20. Qe2 Bf4 21. Qh5
Rg7 22. Qf3 Bg5 23. Rd3 a5 24. h4 Bh6 25. Nh5 Rg8 26. g4 a4 27. g5 fxg5 28. f6+
Kf8 29. Rhd1 Rd7 30. Qf5 Rg6 31. Rxd6 Qxd6 32. Rxd6 Rxd6 33. Qc8+ Be8 34. Qc5
gxh4 35. Qxd6+ Kg8 36. bxa4 Rg1+ 37. Kb2 Bc1+ 38. Kb3 Ba3 39. Bb5 Rb1+ 40. Kc4
b3 41. Qd2 Bxb5+ 42. axb5 bxa2 43. Qg5+ Kf8 44. Qxe5 Kg8 45. Qg5+ Kf8 46. Qg4
Rb4+ 47. Kd3 Rd4+ 48. Kxd4 a1=Q+ 49. c3 1-0

[Event "SR Extraliga 2016/2017"]
[Site "?"]
[Date "2016.12.17"]
[Round "3.6"]
[White "Sosovicka, Juraj"]
[Black "Zetocha, Claudiu"]
[Result "0-1"]
[WhiteElo "2187"]
[BlackElo "2326"]
[PlyCount "122"]
[EventDate "2016.??.??"]

1. Nf3 c5 2. g3 b6 3. Bg2 Bb7 4. O-O Nf6 5. c4 e6 6. Nc3 d6 7. d4 cxd4 8. Qxd4
a6 9. b3 Nbd7 10. Bb2 Be7 11. Rfd1 O-O 12. e4 Qc8 13. Rac1 Rd8 14. Qe3 Qc7 15.
h3 Rac8 16. Nd4 Bf8 17. g4 h6 18. Kh1 Qb8 19. f4 Re8 20. Rf1 Nh7 21. f5 Ne5 22.
fxe6 fxe6 23. Nf3 Nxf3 24. Qxf3 Qc7 25. Qg3 Be7 26. Rcd1 Rcd8 27. Ne2 Bf6 28.
Bxf6 Nxf6 29. Nc3 Qc5 30. Qf2 Qa5 31. Qd4 Nd7 32. Rb1 Qc5 33. Rbd1 Ne5 34. Na4
Qxd4 35. Rxd4 b5 36. cxb5 axb5 37. Nb2 Nf7 38. a4 bxa4 39. bxa4 Ba6 40. Rfd1
Rb8 41. Nd3 e5 42. Rb4 Bxd3 43. Rxb8 Rxb8 44. Rxd3 Rb1+ 45. Kh2 Ra1 46. Rc3
Rxa4 47. Rc7 Ng5 48. Rd7 Rd4 49. Kg3 Rd3+ 50. Kf2 Rd2+ 51. Kg3 Rd1 52. Kf2 Kh7
53. h4 Ne6 54. h5 Rd2+ 55. Kf3 Kg8 56. Bf1 Rd4 57. Ke3 Nc5 58. Rd8+ Kf7 59. Bg2
Kf6 60. Bf3 Ne6 61. Be2 Nxd8 0-1

[Event "SR Extraliga 2016/2017"]
[Site "?"]
[Date "2016.12.17"]
[Round "3.7"]
[White "Briestensky, Rastislav"]
[Black "Sosovicka, Matej"]
[Result "0-1"]
[WhiteElo "2342"]
[BlackElo "2202"]
[PlyCount "60"]
[EventDate "2016.??.??"]

1. d4 d5 2. Nf3 Nf6 3. e3 Bf5 4. c4 c6 5. Nc3 e6 6. a3 h6 7. Bd3 Bxd3 8. Qxd3
Nbd7 9. O-O Bd6 10. b4 O-O 11. e4 dxe4 12. Nxe4 Nxe4 13. Qxe4 a5 14. c5 Bc7 15.
bxa5 Rxa5 16. Rb1 Nf6 17. Qc2 Ra7 18. Rb3 Qd5 19. h3 Rb8 20. Bb2 Nd7 21. Rc1
Bf4 22. Re1 b5 23. Re2 Ra4 24. Ne1 Rc4 25. Bc3 Bc7 26. Nd3 Ba5 27. Nf4 Qg5 28.
g3 Bxc3 29. Rxc3 Rxd4 30. Rd3 Rxf4 0-1

[Event "SR Extraliga 2016/2017"]
[Site "?"]
[Date "2016.12.17"]
[Round "3.8"]
[White "Oprea, Erik"]
[Black "Petran, Peter"]
[Result "1/2-1/2"]
[WhiteElo "2172"]
[BlackElo "2305"]
[PlyCount "110"]
[EventDate "2016.??.??"]

1. c4 g6 2. d4 Bg7 3. e4 Nc6 4. Be3 e5 5. d5 Nd4 6. Nc3 c5 7. Qd2 d6 8. Bd3 a6
9. Nge2 Bd7 10. O-O Nf6 11. f3 Rb8 12. Rab1 b5 13. b3 O-O 14. Nd1 a5 15. cxb5
Bxb5 16. Bxb5 Rxb5 17. Nb2 Rb4 18. Nc3 Nd7 19. Nca4 Nb6 20. Nxb6 Qxb6 21. Nc4
Qa6 22. Qd3 a4 23. Bd2 axb3 24. axb3 Rb7 25. Ra1 Qb5 26. Rfb1 Rfb8 27. Ra5 Qd7
28. Ra6 Bf8 29. Ra3 Be7 30. Na5 Rb5 31. Be3 Bd8 32. Nc4 Bc7 33. f4 f6 34. fxe5
fxe5 35. Bxd4 exd4 36. Rf1 Bd8 37. e5 dxe5 38. Qe4 Qe7 39. Nxe5 Bc7 40. d6 Qxd6
41. Ng4 Rf8 42. Rxf8+ Kxf8 43. Ra1 Kg7 44. Ra6 Rb6 45. Ra7 Rxb3 46. Qe5+ Qxe5
47. Nxe5 Kf6 48. Nd7+ Ke7 49. Rxc7 Kd6 50. Rxc5 d3 51. Kf2 Rb2+ 52. Kf3 d2 53.
Ke2 d1=Q+ 54. Kxd1 Rxg2 55. Ra5 Kxd7 1/2-1/2

[Event "SR Extraliga 2016/2017"]
[Site "?"]
[Date "2016.12.17"]
[Round "3.1"]
[White "Vajda, Levente"]
[Black "Balogh, Csaba"]
[Result "1/2-1/2"]
[WhiteElo "2597"]
[BlackElo "2633"]
[PlyCount "83"]
[EventDate "2016.??.??"]

1. Nf3 d5 2. g3 c6 3. Bg2 Bf5 4. O-O e6 5. d3 Nf6 6. b3 Be7 7. Bb2 O-O 8. Nbd2
h6 9. Ne5 Bh7 10. e4 a5 11. a3 Nbd7 12. Nxd7 Nxd7 13. Qe2 Bf6 14. d4 Qb6 15. e5
Be7 16. c4 dxc4 17. Qxc4 Qa6 18. Be4 Bxe4 19. Nxe4 c5 20. Rfc1 Qxc4 21. Rxc4
Nb6 22. Rcc1 cxd4 23. Bxd4 Nd5 24. Bc5 Bxc5 25. Rxc5 Rfc8 26. Rac1 Rxc5 27.
Rxc5 Kf8 28. Nd6 b6 29. Rc6 Ke7 30. Nb5 Kd7 31. Rd6+ Ke7 32. Nd4 Rc8 33. Nc6+
Kf8 34. Kg2 g5 35. b4 axb4 36. Nxb4 Nxb4 37. axb4 Rc4 38. Rxb6 Re4 39. Rb5 g4
40. h3 h5 41. hxg4 hxg4 42. Kf1 1/2-1/2

[Event "SR Extraliga 2016/2017"]
[Site "?"]
[Date "2016.12.17"]
[Round "3.2"]
[White "Michalik, Peter"]
[Black "Petenyi, Tamas"]
[Result "1-0"]
[WhiteElo "2551"]
[BlackElo "2444"]
[PlyCount "75"]
[EventDate "2016.??.??"]

1. e4 g6 2. d4 Bg7 3. Nf3 d6 4. Nc3 Nf6 5. Be2 O-O 6. O-O c6 7. Re1 Qc7 8. e5
dxe5 9. Nxe5 Nfd7 10. Nf3 Nf6 11. Bf1 Re8 12. Ne5 Be6 13. h3 Nbd7 14. Bf4 Nxe5
15. Bxe5 Qa5 16. a3 b5 17. Ne2 Bc4 18. b3 Bxe2 19. Qxe2 Nd7 20. Bxg7 Kxg7 21.
d5 cxd5 22. Qxb5 Qc7 23. Qxd5 Nf6 24. Qc4 Qb6 25. Qa6 Qc7 26. Qc4 Qb6 27. Qb4
Qc7 28. c4 e5 29. Rad1 Rab8 30. Qc3 e4 31. c5 Re5 32. b4 Rbe8 33. Rd6 R8e6 34.
Bc4 Re7 35. f4 Rf5 36. g4 Rxf4 37. Rf1 Rxf1+ 38. Kxf1 1-0

[Event "SR Extraliga 2016/2017"]
[Site "?"]
[Date "2016.12.17"]
[Round "3.3"]
[White "Czebe, Attila"]
[Black "Rigo, Zsolt"]
[Result "0-1"]
[WhiteElo "2500"]
[BlackElo "2383"]
[PlyCount "116"]
[EventDate "2016.??.??"]

1. Nf3 c5 2. g3 g6 3. Bg2 Bg7 4. O-O Nc6 5. c4 d6 6. Nc3 e6 7. e3 Nge7 8. d4
O-O 9. Qd2 cxd4 10. exd4 d5 11. c5 Nf5 12. Ne2 b6 13. g4 Nh4 14. Qd3 a5 15. Qb5
Ba6 16. Qxc6 Bxe2 17. Bg5 Nxf3+ 18. Bxf3 Qxg5 19. Bxe2 Bxd4 20. cxb6 Qf4 21.
Kg2 Rac8 22. Qa4 Rb8 23. Rad1 Be5 24. Qxf4 Bxf4 25. Rd4 g5 26. Ra4 Rxb6 27. b3
Ra8 28. Rd1 Rb4 29. Rd4 Rxd4 30. Rxd4 Rc8 31. h3 Rc2 32. Kf1 Rxa2 33. Ra4 Rb2
34. Rxa5 Rxb3 35. Kg2 Rb2 36. Kf1 Rb1+ 37. Kg2 Rb2 38. Kf1 Rc2 39. Ra8+ Kg7 40.
Rd8 Be5 41. Ra8 Rc1+ 42. Kg2 Rc2 43. Kf1 Bd4 44. Rd8 h6 45. Ra8 Rb2 46. Rd8 Kf6
47. Rh8 Kg7 48. Rd8 Bb6 49. Rb8 e5 50. Re8 Kf6 51. Rh8 e4 52. Rxh6+ Ke5 53. Rh5
f6 54. h4 d4 55. hxg5 d3 56. g6+ Ke6 57. Bd1 Rxf2+ 58. Ke1 d2# 0-1

[Event "SR Extraliga 2016/2017"]
[Site "?"]
[Date "2016.12.17"]
[Round "3.4"]
[White "Maslik, Miroslav"]
[Black "Bokros, Albert"]
[Result "1/2-1/2"]
[WhiteElo "2344"]
[BlackElo "2495"]
[PlyCount "100"]
[EventDate "2016.??.??"]

1. d4 Nf6 2. Nf3 e6 3. Bg5 d5 4. e3 c5 5. Be2 Nc6 6. O-O h6 7. Bh4 cxd4 8. exd4
Be7 9. Re1 O-O 10. Ne5 Nxe5 11. dxe5 Nd7 12. Bxe7 Qxe7 13. Bf3 Nc5 14. Qd4 Bd7
15. c4 dxc4 16. Na3 c3 17. bxc3 Rfd8 18. Nc4 Bc6 19. Nd6 Bxf3 20. gxf3 b6 21.
Rad1 Rf8 22. f4 f6 23. Re3 fxe5 24. fxe5 Kh8 25. Rg3 g5 26. Qg4 Qg7 27. Qh5 Kh7
28. h4 Qg6 29. Qxg6+ Kxg6 30. Rd4 Rh8 31. hxg5 hxg5 32. Rdg4 Rh5 33. f4 Rf8 34.
Kg2 Kh6 35. Rxg5 Rxg5 36. fxg5+ Kg6 37. Rf3 Rxf3 38. Kxf3 Kxg5 39. Ke3 a6 40.
Nc8 Nd7 41. Ke4 Nc5+ 42. Kd4 Nd7 43. Ne7 Kf4 44. Nc6 Kf5 45. Nb4 Nb8 46. a4 a5
47. Nc2 Nc6+ 48. Kc4 Nxe5+ 49. Kb5 Nd7 50. Kc6 Ke5 1/2-1/2

[Event "SR Extraliga 2016/2017"]
[Site "?"]
[Date "2016.12.17"]
[Round "3.5"]
[White "Varga, Zoltan"]
[Black "Federic, Jozef"]
[Result "0-1"]
[WhiteElo "2439"]
[BlackElo "2291"]
[PlyCount "56"]
[EventDate "2016.??.??"]

1. e4 c5 2. Nf3 e6 3. b3 a6 4. Bb2 Nc6 5. c4 d5 6. cxd5 exd5 7. exd5 Nb4 8. a3
Nxd5 9. d4 Ngf6 10. Be2 Be7 11. dxc5 Bxc5 12. O-O O-O 13. b4 Ba7 14. Nc3 Nf4
15. Ne5 Qe7 16. Nd3 Rd8 17. Nxf4 Rxd1 18. Raxd1 Bg4 19. Nfd5 Nxd5 20. Bxg4 Nxc3
21. Bxc3 h6 22. Rd7 Qg5 23. Bf3 Re8 24. Rxb7 Bxf2+ 25. Kh1 Rc8 26. Bb2 Qd2 27.
Bg4 Re8 28. Ba1 Qe1 0-1

[Event "SR Extraliga 2016/2017"]
[Site "?"]
[Date "2016.12.17"]
[Round "3.6"]
[White "Banas, Kamil"]
[Black "Nemeth, Miklos"]
[Result "0-1"]
[WhiteElo "2239"]
[BlackElo "2463"]
[PlyCount "88"]
[EventDate "2016.??.??"]

1. d4 Nf6 2. Nf3 e6 3. Bg5 h6 4. Bh4 b6 5. e3 Bb7 6. Bd3 g5 7. Bg3 g4 8. Ne5 h5
9. Rg1 d6 10. Bh4 Be7 11. Nc4 Nc6 12. Nbd2 d5 13. Na3 e5 14. c3 Qd7 15. Nc2 e4
16. Bb5 a6 17. Be2 O-O-O 18. Nb4 Nb8 19. c4 dxc4 20. Bxf6 Bxf6 21. Nxc4 Nc6 22.
Qc2 Kb8 23. Nxc6+ Qxc6 24. O-O-O Qe6 25. Kb1 Bd5 26. a3 Rc8 27. Nd2 b5 28. b4
Bh4 29. Rgf1 f5 30. Kb2 f4 31. g3 fxe3 32. gxh4 exd2 33. Rxd2 Rhf8 34. a4 Qd6
35. Qc5 bxa4 36. Qxd6 cxd6 37. Bxa6 a3+ 38. Kxa3 Rc3+ 39. Ka4 Ka7 40. b5 Kb6
41. Rb1 Rff3 42. Rbb2 Rh3 43. Rdc2 Rxc2 44. Rxc2 Bb3+ 0-1

[Event "SR Extraliga 2016/2017"]
[Site "?"]
[Date "2016.12.17"]
[Round "3.7"]
[White "Csiba, Dominik"]
[Black "Matejovic, Juraj"]
[Result "1/2-1/2"]
[WhiteElo "2363"]
[BlackElo "2226"]
[PlyCount "56"]
[EventDate "2016.??.??"]

1. e4 c5 2. Nf3 e6 3. d4 cxd4 4. Nxd4 Nc6 5. Nc3 Nf6 6. Ndb5 Bb4 7. a3 Bxc3+ 8.
Nxc3 d5 9. exd5 exd5 10. Bd3 O-O 11. O-O d4 12. Ne2 Qd5 13. Qd2 Ne4 14. c4 dxc3
15. Qc2 Nf6 16. Nxc3 Qh5 17. Bf4 Be6 18. Rad1 Rac8 19. Qa4 Rfd8 20. Bg3 Qg4 21.
Qb5 Rxd3 22. Qxd3 Bc4 23. Qe3 Bxf1 24. Kxf1 Re8 25. Qf4 Qe6 26. Qf3 h6 27. Bf4
Qc4+ 28. Kg1 Qb3 1/2-1/2

[Event "SR Extraliga 2016/2017"]
[Site "?"]
[Date "2016.12.17"]
[Round "3.8"]
[White "Federic, Pavol"]
[Black "Csonka, Attila Istvan"]
[Result "0-1"]
[WhiteElo "2143"]
[BlackElo "2338"]
[PlyCount "56"]
[EventDate "2016.??.??"]

1. e4 c5 2. Nf3 e6 3. d4 cxd4 4. Nxd4 Nc6 5. Nc3 Qc7 6. Be3 a6 7. Be2 Nf6 8.
O-O Bb4 9. Nxc6 bxc6 10. Qd4 c5 11. Qc4 Bb7 12. f3 d5 13. exd5 exd5 14. Qf4 Qe7
15. a3 g5 16. Qxg5 h6 17. Qf4 Nh5 18. Qg4 Qxe3+ 19. Kh1 Bxc3 20. bxc3 Nf6 21.
Qh4 O-O-O 22. Qxf6 Qxe2 23. Rfe1 Qxc2 24. Rab1 Rhe8 25. Rec1 Qg6 26. Qf4 Re2
27. g4 Qd6 28. Qf5+ Rd7 0-1

[Event "SR Extraliga 2016/2017"]
[Site "?"]
[Date "2016.12.17"]
[Round "3.1"]
[White "Cernousek, Lukas"]
[Black "Mazur, Stefan"]
[Result "1/2-1/2"]
[WhiteElo "2463"]
[BlackElo "2467"]
[PlyCount "47"]
[EventDate "2016.??.??"]

1. d4 Nf6 2. c4 g6 3. g3 Bg7 4. Bg2 O-O 5. Nf3 d6 6. O-O Nc6 7. Nc3 a6 8. Re1
Rb8 9. Rb1 Na5 10. Qa4 b6 11. e4 Bd7 12. Qd1 c5 13. e5 dxe5 14. dxe5 Ne8 15.
Nd5 h6 16. Bf4 Be6 17. b3 b5 18. Bd2 Nc6 19. cxb5 axb5 20. Nf4 Bg4 21. Bc3 Nc7
22. Qe2 Ne6 23. Nxe6 Bxe6 24. Rbc1 1/2-1/2

[Event "SR Extraliga 2016/2017"]
[Site "?"]
[Date "2016.12.17"]
[Round "3.2"]
[White "Caletka, Radomir"]
[Black "Roubalik, Jakub"]
[Result "1/2-1/2"]
[WhiteElo "2393"]
[BlackElo "2410"]
[PlyCount "67"]
[EventDate "2016.??.??"]

1. c4 Nf6 2. Nf3 c6 3. Nc3 d5 4. e3 g6 5. d4 Bg7 6. Be2 O-O 7. O-O a6 8. a4 a5
9. b3 Na6 10. Ba3 Bf5 11. Rc1 Ne4 12. cxd5 cxd5 13. Nxe4 Bxe4 14. Qd2 Qb6 15.
Rc3 Nb4 16. Rfc1 Nc6 17. Qd1 Bxf3 18. Bxf3 Rfd8 19. Rc5 e6 20. Rb5 Qc7 21. Bc5
Rdc8 22. Ba3 Qd7 23. Qd2 Rc7 24. Bc5 Rcc8 25. Be2 Bf8 26. Bxf8 Kxf8 27. Rbc5 b6
28. R5c3 Nb4 29. Bb5 Qd8 30. h3 Rxc3 31. Rxc3 Rc8 32. Qc1 Rxc3 33. Qxc3 h5 34.
Qc1 1/2-1/2

[Event "SR Extraliga 2016/2017"]
[Site "?"]
[Date "2016.12.17"]
[Round "3.3"]
[White "Zpevak, Pavel"]
[Black "Rojicek, Vojtech"]
[Result "1/2-1/2"]
[WhiteElo "2355"]
[BlackElo "2411"]
[PlyCount "22"]
[EventDate "2016.??.??"]

1. d4 d5 2. c4 e6 3. Nc3 Be7 4. Bf4 Nf6 5. e3 O-O 6. Nf3 Nbd7 7. c5 c6 8. Bd3
b6 9. b4 a5 10. a3 Ba6 11. O-O Qc8 1/2-1/2

[Event "SR Extraliga 2016/2017"]
[Site "?"]
[Date "2016.12.17"]
[Round "3.4"]
[White "Hausner, Ivan"]
[Black "Motuz, Karol"]
[Result "1/2-1/2"]
[WhiteElo "2375"]
[BlackElo "2371"]
[PlyCount "30"]
[EventDate "2016.??.??"]

1. c4 c6 2. e4 d5 3. exd5 cxd5 4. cxd5 Nf6 5. Bb5+ Nbd7 6. Nc3 a6 7. Be2 Nb6 8.
Nf3 Nbxd5 9. d4 e6 10. Qa4+ Bd7 11. Qb3 Bd6 12. Ne5 O-O 13. O-O Qc7 14. Nxd7
Qxd7 15. Bf3 h6 1/2-1/2

[Event "SR Extraliga 2016/2017"]
[Site "?"]
[Date "2016.12.17"]
[Round "3.5"]
[White "Vojtek, Vladimir"]
[Black "Plachetka, Jan"]
[Result "0-1"]
[WhiteElo "2238"]
[BlackElo "2355"]
[PlyCount "70"]
[EventDate "2016.??.??"]

1. e4 c5 2. Nf3 Nc6 3. d4 cxd4 4. Nxd4 Nf6 5. Nc3 e6 6. a3 d6 7. Be2 Be7 8. O-O
O-O 9. Qd3 a6 10. f4 Qc7 11. Kh1 Rd8 12. Be3 Ne5 13. fxe5 dxe5 14. Ndb5 axb5
15. Qxb5 Bd7 16. Qb6 Qxb6 17. Bxb6 Rdc8 18. Bd3 Bxa3 19. Rxa3 Rxa3 20. bxa3
Rxc3 21. Ra1 Ba4 22. Ba5 Rc8 23. Kg1 h5 24. h3 Bxc2 25. Rc1 Ra8 26. Rxc2 Rxa5
27. Rc8+ Kh7 28. Rc7 Rxa3 29. Be2 Kg6 30. Rxb7 Nxe4 31. h4 f5 32. Kh2 f4 33.
Rb6 Ng3 34. Bd1 Ra1 35. Bc2+ Kf6 0-1

[Event "SR Extraliga 2016/2017"]
[Site "?"]
[Date "2016.12.17"]
[Round "3.6"]
[White "Cech, Pavel"]
[Black "Zvarik, Martin"]
[Result "1-0"]
[WhiteElo "2355"]
[BlackElo "2307"]
[PlyCount "89"]
[EventDate "2016.??.??"]

1. d4 Nf6 2. c4 d6 3. Nc3 e5 4. Nf3 Nbd7 5. e4 Be7 6. Be2 O-O 7. O-O c6 8. Be3
Re8 9. Qc2 Qc7 10. a3 Ng4 11. Bd2 d5 12. cxd5 Bd6 13. h3 exd4 14. Nxd4 Ngf6 15.
dxc6 bxc6 16. b4 a5 17. b5 c5 18. Nf5 Be5 19. Rad1 Nf8 20. Bc4 Nxe4 21. Nh6+
gxh6 22. Nxe4 Bb7 23. Nc3 Rad8 24. Bxh6 Bd4 25. Ne2 Rxe2 26. Qxe2 Rd6 27. Rxd4
Rxd4 28. Qe8 Rd8 29. Bxf7+ Kh8 30. b6 Qd6 31. Bxf8 Qxf8 32. Qxf8+ Rxf8 33. Bc4
Rf6 34. Rb1 Rg6 35. f3 Rd6 36. Kf2 Rd4 37. Be2 Rd2 38. Rb5 c4 39. Ke3 c3 40.
Rxa5 Rd6 41. Rc5 Re6+ 42. Kf2 Rxb6 43. Rxc3 Rb2 44. Ke3 Kg7 45. g4 1-0

[Event "SR Extraliga 2016/2017"]
[Site "?"]
[Date "2016.12.17"]
[Round "3.7"]
[White "Bombek, Peter"]
[Black "Hrabusa, Matej"]
[Result "1/2-1/2"]
[WhiteElo "2213"]
[BlackElo "2312"]
[PlyCount "134"]
[EventDate "2016.??.??"]

1. d4 d5 2. Nf3 Nf6 3. e3 Bf5 4. c4 e6 5. Qb3 Nc6 6. Bd2 Rb8 7. Be2 h6 8. O-O
Be7 9. Rc1 O-O 10. Be1 Bg4 11. Nbd2 a6 12. a3 e5 13. dxe5 Nxe5 14. cxd5 Nxd5
15. h3 Nxf3+ 16. Nxf3 Be6 17. Nd4 Nf4 18. Bc4 Bxc4 19. Qxc4 Bf6 20. Nf5 Nd3 21.
Rc2 Nxb2 22. Qg4 Kh7 23. Bc3 Bxc3 24. Rxc3 g6 25. Rb1 Qf6 26. Nd4 c5 27. Rxc5
Nd3 28. Rc2 Ne5 29. Qe4 b5 30. Nc6 Rbe8 31. Nxe5 Rxe5 32. Qb7 Re7 33. Qd5 Re5
34. Qf3 Qxf3 35. gxf3 Rd8 36. Rc6 a5 37. f4 Rf5 38. Ra6 a4 39. Rb6 Rd3 40.
R1xb5 Rxb5 41. Rxb5 Rxa3 42. f5 Ra1+ 43. Kg2 gxf5 44. Rxf5 Kg6 45. Ra5 a3 46.
Kf3 Kf6 47. Kf4 Ra2 48. Ra6+ Kg7 49. f3 Ra1 50. Kf5 a2 51. Kf4 h5 52. h4 Kh7
53. e4 Kg7 54. e5 Kh7 55. Kf5 Rf1 56. Rxa2 Rxf3+ 57. Kg5 Kg7 58. Rg2 f6+ 59.
Kxh5+ Kf7 60. e6+ Kxe6 61. Kg6 f5 62. h5 f4 63. Rg5 Rg3 64. h6 Rxg5+ 65. Kxg5
Kf7 66. h7 Kg7 67. Kxf4 Kxh7 1/2-1/2

[Event "SR Extraliga 2016/2017"]
[Site "?"]
[Date "2016.12.17"]
[Round "3.8"]
[White "Motycakova, Monika"]
[Black "Borik, Juraj"]
[Result "1-0"]
[WhiteElo "2132"]
[BlackElo "2164"]
[PlyCount "49"]
[EventDate "2016.??.??"]

1. e4 c5 2. Nf3 d6 3. d4 cxd4 4. Nxd4 Nf6 5. Nc3 a6 6. Be2 e6 7. a4 Be7 8. O-O
O-O 9. f4 Qc7 10. Kh1 Nc6 11. Be3 Re8 12. Bf3 Rb8 13. g4 Nxd4 14. Bxd4 b6 15.
g5 Nd7 16. Be3 Bb7 17. Bg2 Qc4 18. Qh5 g6 19. Qh3 Bf8 20. Rad1 Qb4 21. Bd4 b5
22. f5 exf5 23. exf5 Ne5 24. Bxb7 Rxb7 25. Nd5 1-0

[Event "SR Extraliga 2016/2017"]
[Site "?"]
[Date "2016.12.17"]
[Round "3.1"]
[White "Cvek, Robert"]
[Black "Antoniewski, Rafal"]
[Result "1/2-1/2"]
[WhiteElo "2519"]
[BlackElo "2532"]
[PlyCount "55"]
[EventDate "2016.??.??"]

1. c4 c5 2. g3 g6 3. Bg2 Bg7 4. Nc3 Nc6 5. Nf3 e6 6. O-O Nge7 7. d3 O-O 8. Bg5
h6 9. Bd2 b6 10. a3 Bb7 11. Rb1 d6 12. b4 Qd7 13. bxc5 dxc5 14. Nb5 Rfd8 15.
Qc1 Kh7 16. Bc3 e5 17. Ba1 Nd4 18. Nbxd4 exd4 19. Qc2 f5 20. Rfe1 Nc6 21. Bb2
Re8 22. Bc1 Re7 23. Bd2 Rae8 24. e3 dxe3 25. Rxe3 Nd4 26. Rxe7 Rxe7 27. Nxd4
Bxd4 28. Re1 1/2-1/2

[Event "SR Extraliga 2016/2017"]
[Site "?"]
[Date "2016.12.17"]
[Round "3.2"]
[White "Bulski, Krzysztof"]
[Black "Pechac, Jergus"]
[Result "1-0"]
[WhiteElo "2519"]
[BlackElo "2437"]
[PlyCount "85"]
[EventDate "2016.??.??"]

1. d4 Nf6 2. c4 g6 3. Nc3 Bg7 4. e4 d6 5. f3 O-O 6. Be3 c6 7. Qd2 e5 8. Nge2
Nbd7 9. O-O-O a6 10. Kb1 b5 11. c5 exd4 12. Nxd4 dxc5 13. Nxc6 Qb6 14. Ne7+ Kh8
15. Qd6 Qxd6 16. Rxd6 Bb7 17. Nc6 Ne8 18. Rxd7 Bxc6 19. Rd2 Rc8 20. Nd5 Bxd5
21. Rxd5 c4 22. Be2 Nc7 23. Rd6 Rfe8 24. Rhd1 f5 25. Bb6 Ne6 26. exf5 gxf5 27.
Bf1 b4 28. b3 c3 29. Kc2 Bf8 30. R6d5 Bc5 31. Bxc5 Rxc5 32. g3 f4 33. Bc4 fxg3
34. hxg3 Rc7 35. f4 Nc5 36. f5 Kg7 37. g4 Kf6 38. Rd6+ Kg5 39. R1d5 Kxg4 40. f6
Ne4 41. Rxa6 Ng5 42. Ra4 Ne4 43. Rd4 1-0